| 000 | 00703nam a2200193 4500 | ||
|---|---|---|---|
| 005 | 20150518141634.0 | ||
| 008 | 150518b mx||||| |||| 00| 0 spa d | ||
| 020 | _a9789703251339 | ||
| 050 | 0 | 4 |
_aBV687 _bM66 2008 |
| 100 | 1 | _aMonsiváis, Carlos, | |
| 245 | 1 | 3 |
_aEl Estado laico y sus malquerientes : _b(crónica / antología) _c/ Carlos Monsiváis |
| 250 | _a1a ed. | ||
| 260 |
_aMéxico, D.F. : _bUniversidad Nacional Autónoma de México, Coordinación de Difusión Cultura, _c2008. |
||
| 300 |
_a303 p. ; _c21 cm. |
||
| 650 | 7 |
_2LEMB _aSecularización _xHistoria _zMéxico |
|
| 650 | 7 |
_2LEMB _aLaicos _xHistoria _zMéxico |
|
| 650 | 7 |
_2LEMB _aIglesia y Estado _xHistoria _zMéxico |
|
| 942 |
_2lcc _cLIB |
||
| 999 |
_c93148 _d93148 |
||